=LDR 00000nam 2200000 4500 =001 INLIS000000000049581 =005 20170302084358.0 =006 =007 =008 =020 ##$$a 978-602-7686-01-4 =035 ##$$0010-031700000000026 =040 ##$$a NBPDMAT =082 ##$$a 899.221 308 1 =090 ##$$a 899.221 308 1 Hai c =100 ##$$a Haerudin =245 ##$$a Congah / $c hairudin, s.pd ; editor Ahmad Sirulhaq, MA =260 ##$$a Selong : $b EV. Gumi sasak, $c 2011. =300 ##$$a iv, 65 hlm ; $c 21 cm =500 ##$$a Biliografi : hlm . 62 =650 ##$$a Fiksi Sejarah =700 ##$$a Ahmad sirullhaq